Sporclin' Through the '60s Quiz Stats

 Plays Quiz Updated Aug 10, 2017

Support Sporcle.
Go Orange.
Score 0/36 Timer 06:00
0 Plays Today
Hint Answer % Correct
 
▼    History    ▼
 
John F. Kennedy
98.6%
 
▼    Music    ▼
 
The Beatles
97.1%
 
▼    Movies    ▼
 
The Jungle Book
94.9%
The Sound of Music
94.4%
 
▼    Gaming    ▼
 
Twister
92.7%
Frisbee
91.9%
Barbie
89.8%
Planet of the Apes
88.2%
Walt Disney
86.2%
Ray Charles
86.1%
The Addams Family
85.8%
Lawrence of Arabia
84.9%
Etch A Sketch
82.8%
Simon & Garfunkel
81.6%
Janis Joplin
81.4%
Mr. Potato Head
79.3%
The Beach Boys
78%
To Kill a Mockingbird
76.8%
Hint Answer % Correct
Audrey Hepburn
76%
Candy Land
75.8%
Jeopardy!
74.5%
 
▼    Television    ▼
 
Gilligan's Island
69%
The Dick Van Dyke Show
67.8%
The Twilight Zone
67.8%
Pelé
61.8%
The Who
60.7%
Get Smart
60%
Dr. Strangelove
54.9%
Joe Namath
54.8%
Wilt Chamberlain
46.9%
 
▼    Sports    ▼
 
Mickey Mantle
46%
Charles de Gaulle
44.6%
Yuri Gagarin
37.5%
Ho Chi Minh
34.8%
Sandy Koufax
30%
Rod Laver
27.4%

You're not logged in!

Compare scores with friends on all Sporcle quizzes.
OR
Log In
Forgot?

From the Vault

3 TV Shows, 1 Thing In Common II

by Ricky490

All TV shows should have Leslie Nielsen in common.
Remove Ads.
Support Sporcle.
Get the best of Sporcle when you Go Orange. This ad-free experience offers more features, more stats, and more fun while also helping to support Sporcle. Thank you for becoming a member.

Show Comments

Extras

Top Quizzes Today


Score Distribution

Your Account Isn't Verified!

In order to create a playlist on Sporcle, you need to verify the email address you used during registration. Go to your Sporcle Settings to finish the process.

Report this User

Report this user for behavior that violates our Community Guidelines.

Details: